000 00286nam a2200121Ia 4500
008 190216s9999||||xx |||||||||||||| ||und||
100 _aSingh R S
245 0 _aPalnt Diseases
260 _bOxford And Ibh Publishing Co. Pvt Ltd
_c1969
300 _a494p
650 _aBotany
942 _cBK
999 _c1100
_d1100